Women and human rights in India (Record no. 396158)

MARC details
000 -LEADER
fixed length control field 00478 a2200181 4500
005 - DATE & TIME
control field 20260220123418.0
008 - FIXED-LENGTH DATA ELEMENTS--GENERAL INFORMATION
fixed length control field 260220b |||||||| |||| 00| 0 eng d
020 ## - ISBN
International Standard Book Number 9788174790255
Price Rs. 495.00
040 ## - CATALOGING SOURCE
Original cataloging agency VIVEKANANDA LIBRARY
082 ## - DDC NUMBER
Classification number 301.412
Book Number K167W
100 ## - MAIN ENTRY--PERSONAL NAME
Personal name Kaushal, Rachna
245 ## - TITLE STATEMENT
Title Women and human rights in India
260 ## - PUBLICATION, DISTRIBUTION, ETC. (IMPRINT)
Name of publisher, distributor, etc Kaveri Books
Date of publication, distribution, etc 2024
Place of publication, distribution, etc New Delhi
300 ## - PHYSICAL DESCRIPTION
Pages x, 150
650 ## - Subject
Subject Women- India
650 ## - Subject
Subject Women- Social Conditions- India
942 ## - ADDED ENTRY ELEMENTS (KOHA)
Koha item type Books
Holdings
Withdrawn status Lost status Source of classification or shelving scheme Damaged status Not for loan Location (home branch) Sublocation or collection (holding branch) Shelving location Date acquired Koha issues (times borrowed) Koha full call number Accession No. Koha date last seen Koha item type
    Dewey Decimal Classification     VIVEKANANDA LIBRARY VIVEKANANDA LIBRARY Law Library 04/02/2026   301.412 K167W 377904 04/02/2026 Books
    Dewey Decimal Classification     VIVEKANANDA LIBRARY VIVEKANANDA LIBRARY Law Library 04/02/2026   301.412 K167W 377905 04/02/2026 Books
    Dewey Decimal Classification     VIVEKANANDA LIBRARY VIVEKANANDA LIBRARY Law Library 04/02/2026   301.412 K167W 377906 04/02/2026 Books
© Designed and Maintained by Vivekananda Library, MDU Rohtak